00000000cam 2200000zi 4500
0019.959029
003CaOODSP
00520260603131622
006m     o  d f      
007cr |n|||||||||
008260116s1988    onc     o    f000 0 eng d
040 |aCaOODSP|beng|erda|cCaOODSP
043 |an-cn---
0861 |aJS22-89/1988E-PDF
24500|aSentence management review : |bfinal report.
264 1|a[Ottawa] : |bSolicitor General Canada, |c[1988]
300 |a1 online resource (45 pages)
336 |atext|btxt|2rdacontent
337 |acomputer|bc|2rdamedia
338 |aonline resource|bcr|2rdacarrier
500 |aDigitized edition from print [produced by Public Safety Canada].
500 |aIssued also in French under title: Examen du processus de gestion des peines : rapport définitif.
650 0|aCorrectional institutions|zCanada.
650 0|aHalfway houses|zCanada.
7101 |aCanada. |bSolicitor General Canada, |eissuing body.
77508|tExamen du processus de gestion des peines : |w(CaOODSP)9.963293
85640|qPDF|s835 KB|uhttps://publications.gc.ca/collections/collection_2026/sp-ps/JS22-89-1988-eng.pdf